Социальные и гуманитарные науки. 2019, № 3 (Запись № 12016426)

Подробности
000 -МАРКЕР
контрольное поле 00997nam2a2200205 4500
001 - ИДЕНТИФИКАТОР ЗАПИСИ
контрольное поле RU\NLR\PER_A\002347340_001080
005 - ИДЕНТИФИКАТОР ВЕРСИИ
контрольное поле 20250623212445.0
035 ## - ДРУГИЕ СИСТЕМНЫЕ НОМЕРА
Идентификатор записи (NLR Aleph) 012125408
100 ## - ДАННЫЕ ОБЩЕЙ ОБРАБОТКИ
Данные общей обработки 20191021d2019 |||y0rusy50 ca
101 0# - ЯЗЫК РЕСУРСА
Язык текста, звукозаписи и т.д. русский
102 ## - СТРАНА ПУБЛИКАЦИИ ИЛИ ПРОИЗВОДСТВА
Страна публикации Российская Федерация
200 0# - ЗАГЛАВИЕ И СВЕДЕНИЯ ОБ ОТВЕТСТВЕННОСТИ
Основное заглавие 2019, № 3
210 ## - ПУБЛИКАЦИЯ, РАСПРОСТРАНЕНИЕ И ДР.
Дата издания, распространения и т.д. 2019
Место издания, распространения и т.д. Б. м.
461 #0 - УРОВЕНЬ НАБОРА
Встроенное поле 001RU\NLR\INFOCOMM6\1000510337
-- 2001#$aСоциальные и гуманитарные науки$hСерия 9$iВостоковедение и африканистика$eРеф. журн.$eРЖ$eЗарубеж. лит.$fРос. акад. наук. ИНИОН$v2019, № 3
Системный номер (АБИС) связанной записи 4501543
Место публикации М.
Дата публикации 1972 -
Первые сведения об ответственности Рос. акад. наук. ИНИОН
Номер части Серия 9
Заглавие части Востоковедение и африканистика
Сведения, относящиеся к заглавию Реф. журн. : РЖ : Зарубеж. лит.
Заглавие Социальные и гуманитарные науки
Номер тома 2019, № 3
852 ## - МЕСТОНАХОЖДЕНИЕ И ШИФР ХРАНЕНИЯ
Идентификатор организации NLR
Шифр хранения (Call Number) С П-1/752
942 ## - ДОПОЛНИТЕЛЬНЫЕ ЭЛЕМЕНТЫ ЗАПИСИ (АБИС)
Тип экземпляра АБИС Выпуск
980 ## - КОЛЛЕКЦИЯ
Название коллекции Национальная библиография
980 ## - КОЛЛЕКЦИЯ
Название коллекции Русская периодика

Нет доступных экземпляров.